000
00318nam a2200145Ia 4500
100
_a
Bricker/ Frederick
942
_c
BK
654
_a
electronics
245
_a
Audels Automobile Guide
260
_b
Taraporevala Sons
_a
NONE
_c
1967
082
_a
629.222
_b
BRI
300
_a
723
546
_a
ENGLISH
999
_c
18440
_d
18440